De 30 grootste Nederlandse merken / bedrijven - Statistieken

Algemene statistieken
  • Deze quiz is 107 keer genomen
  • De gemiddelde score is 6 van 30
Antwoordstatistieken
Rang Waarde
US$M
Bedrijf % Correct
1 13,666 Heineken
82%
4 5,802 Phillips
54%
13 1,250 Albert Heijn
52%
19 743 Jumbo
52%
3 8,472 ING
43%
6 3,454 Rabobank
41%
11 1,634 ABN Amro
31%
26 284 Hertog Jan
23%
14 1,185 Bol.com
21%
12 1,487 Amstel
20%
24 362 HEMA
20%
21 561 KLM
20%
5 5,057 KPN
18%
30 223 Plus
16%
10 2,262 Action
15%
7 3,228 Ziggo
15%
9 2,343 Spar
13%
27 275 Grolsch
11%
2 11,372 Booking.com
10%
22 532 Aegon
7%
23 487 Douwe Egberts
7%
8 2,662 Just Eat Takeaway.com
7%
28 248 ETOS
5%
16 1,016 Nationale Nederlanden
5%
25 295 ASR
3%
15 1,169 Coolblue
3%
17 986 Basic-Fit
2%
20 665 Senseo
2%
29 248 Wehkamp
2%
18 759 Rituals
0%
Geen overeenkomende quizzen gevonden
Scoreverdeling
Procent van Mensen met Elke Score
Percentiel versus Aantal Correcte Antwoorden
Uw Scoregeschiedenis
U heeft deze quiz nog niet genomen